00386pab a2200121 454500008004000000100002300040245011900063260000900182300001500191362000800206650002000214773003000234180718b2010 xxu||||| |||| 00| 0 eng d aHeins, Elke et al. aA review of the evidence of third sector performance and its relevance for a universal comprehensive health system c2010 ap.515-526. aOct aHealth services aSocial Policy and Society